[Event "XtraCon-Skakligaen"]
[Site "Denmark"]
[Date "2009.01.11"]
[Round "5.7"]
[White "Dalsberg, Sandra de Blecourt"]
[Black "Laursen, Niels Norskov"]
[Result "1-0"]
[WhiteElo "2056"]
[BlackElo "2188"]
[PlyCount "75"]
[EventDate "2008.11.01"]
[EventType "team-tourn"]
[EventRounds "9"]
[EventCountry "DEN"]
[WhiteTeam "Helsingor"]
[BlackTeam "K41"]
[WhiteTeamCountry "DEN"]
[BlackTeamCountry "DEN"]

1. d4 Nf6 2. c4 c5 3. d5 e6 4. Nc3 exd5 5. cxd5 d6 6. e4 g6 7. Bb5+ Nbd7 8. Bg5
Bg7 9. f4 Qa5 10. Bxf6 Bxf6 11. Qd2 O-O 12. Bd3 Re8 13. Nge2 a6 14. O-O b5 15.
a3 Bg7 16. Ng3 Qb6 17. Kh1 c4 18. Bc2 Ra7 19. Rae1 a5 20. e5 dxe5 21. f5 Nf6
22. Nce4 Nxe4 23. Bxe4 Rd7 24. Qg5 Rd6 25. Re2 Qd8 26. Qe3 Bb7 27. Rd2 Qb6 28.
Qxb6 Rxb6 29. d6 Rd8 30. Bxb7 Rxb7 31. Ne4 b4 32. axb4 axb4 33. Rc2 Ra7 34.
Rxc4 gxf5 35. Rc7 Rxc7 36. dxc7 Rc8 37. Rd1 Bf8 38. Rd8 1-0

[Event "XtraCon-Skakligaen"]
[Site "Denmark"]
[Date "2009.01.11"]
[Round "5.8"]
[White "Jorgensen, Rasmus"]
[Black "Molin, Claus"]
[Result "1-0"]
[WhiteElo "2025"]
[BlackElo "2003"]
[PlyCount "55"]
[EventDate "2008.11.01"]
[EventType "team-tourn"]
[EventRounds "9"]
[EventCountry "DEN"]
[WhiteTeam "K41"]
[BlackTeam "Helsingor"]
[WhiteTeamCountry "DEN"]
[BlackTeamCountry "DEN"]

1. e4 e5 2. Nf3 Nc6 3. d4 exd4 4. Nxd4 Bc5 5. Be3 Qf6 6. c3 Nge7 7. Bc4 Ne5 8.
Be2 N7g6 9. Qc1 h6 10. O-O d6 11. Nb5 Bxe3 12. Nxc7+ Kd8 13. fxe3 Qxf1+ 14.
Qxf1 Kxc7 15. Nd2 Rf8 16. Rd1 Be6 17. Nf3 Nxf3+ 18. gxf3 Rad8 19. Bc4 Rfe8 20.
Bd5 Bxd5 21. Rxd5 Ne5 22. b4 Re6 23. h3 Rde8 24. Qd1 Rg6+ 25. Kf2 Nc4 26. Qd4
Nb6 27. Rf5 Re7 28. a4 1-0

[Event "XtraCon-Skakligaen"]
[Site "Denmark"]
[Date "2009.01.11"]
[Round "5.1"]
[White "Rasmussen, Karsten"]
[Black "Hillarp Persson, Tiger"]
[Result "1/2-1/2"]
[WhiteElo "2466"]
[BlackElo "2543"]
[PlyCount "103"]
[EventDate "2008.11.01"]
[EventType "team-tourn"]
[EventRounds "9"]
[EventCountry "DEN"]
[WhiteTeam "Aarhus/Skolerne"]
[BlackTeam "Bronshoj"]
[WhiteTeamCountry "DEN"]
[BlackTeamCountry "DEN"]

1. d4 d5 2. c4 c6 3. Nf3 Nf6 4. cxd5 cxd5 5. Nc3 Nc6 6. Bf4 a6 7. Rc1 Bf5 8. e3
Rc8 9. Be2 e6 10. O-O Bd6 11. Bxd6 Qxd6 12. Qb3 Rc7 13. Na4 Nd7 14. Nc5 Nxc5
15. Rxc5 Bg4 16. Rfc1 Bxf3 17. Bxf3 O-O 18. Qb6 Rd7 19. Kh1 Rfd8 20. Be2 Ne7
21. Qxd6 Rxd6 22. b4 Kf8 23. g3 R6d7 24. a4 g6 25. b5 b6 26. R5c2 a5 27. Kg2 f6
28. h4 h5 29. g4 hxg4 30. Bxg4 Kf7 31. Kg3 Rh8 32. Rc7 Rhd8 33. R1c2 f5 34. Be2
Kf6 35. Kf4 Rxc7 36. Rxc7 Rc8 37. Rb7 Rc2 38. Kf3 Nc8 39. Rd7 e5 40. dxe5+ Kxe5
41. Rg7 Kf6 42. Rb7 Ke5 43. Rg7 Kf6 44. Rg8 Nd6 45. Rb8 Ke5 46. Rxb6 Ra2 47.
Ra6 Rxa4 48. Kg3 Ra2 49. f4+ Ke6 50. Bf3 Rb2 51. Rxa5 Rxb5 52. Rxb5 1/2-1/2

[Event "XtraCon-Skakligaen"]
[Site "Denmark"]
[Date "2009.01.11"]
[Round "5.2"]
[White "Bromann, Thorbjorn"]
[Black "Sorensen, Jan"]
[Result "1-0"]
[WhiteElo "2421"]
[BlackElo "2439"]
[PlyCount "51"]
[EventDate "2008.11.01"]
[EventType "team-tourn"]
[EventRounds "9"]
[EventCountry "DEN"]
[WhiteTeam "Bronshoj"]
[BlackTeam "Aarhus/Skolerne"]
[WhiteTeamCountry "DEN"]
[BlackTeamCountry "DEN"]

1. e4 e6 2. d4 d5 3. Nc3 Bb4 4. exd5 exd5 5. Bd3 Nf6 6. Bg5 O-O 7. Nge2 Bg4 8.
O-O c6 9. f3 Bh5 10. Nf4 Bg6 11. Nxg6 hxg6 12. f4 Be7 13. f5 gxf5 14. Rxf5 g6
15. Rf3 Kg7 16. Qd2 Ng8 17. Bf4 Bd6 18. Ne2 Bxf4 19. Nxf4 Qd6 20. Nh5+ Kh7 21.
Qg5 f5 22. Rh3 gxh5 23. Rxh5+ Nh6 24. Re1 Rf7 25. Bxf5+ Rxf5 26. Re7+ 1-0

[Event "XtraCon-Skakligaen"]
[Site "Denmark"]
[Date "2009.01.11"]
[Round "5.3"]
[White "Rasmussen, Casper Dahl"]
[Black "Hoi, Carsten"]
[Result "1/2-1/2"]
[WhiteElo "2382"]
[BlackElo "2371"]
[PlyCount "108"]
[EventDate "2008.11.01"]
[EventType "team-tourn"]
[EventRounds "9"]
[EventCountry "DEN"]
[WhiteTeam "Aarhus/Skolerne"]
[BlackTeam "Bronshoj"]
[WhiteTeamCountry "DEN"]
[BlackTeamCountry "DEN"]

1. Nf3 Nf6 2. c4 d6 3. d4 Bg4 4. e3 g6 5. Be2 Bg7 6. O-O O-O 7. h3 Bxf3 8. Bxf3
Nc6 9. Nc3 Nd7 10. Rb1 e5 11. d5 Ne7 12. e4 a5 13. a3 f5 14. b4 axb4 15. axb4
b6 16. Qd3 Kh8 17. Bb2 Nf6 18. Ra1 Rc8 19. Rfe1 h5 20. Nb5 fxe4 21. Bxe4 Nxe4
22. Rxe4 Nf5 23. Rf1 Qg5 24. Bc1 Qe7 25. f4 Rce8 26. Bb2 h4 27. fxe5 Ng3 28.
Rxf8+ Rxf8 29. Re1 dxe5 30. d6 Qf6 31. Qf3 cxd6 32. Qxf6 Rxf6 33. Bc1 Nf5 34.
Nc7 Rf8 35. Nd5 Rb8 36. b5 Kg8 37. Bg5 Kf7 38. Re4 Ke6 39. Bxh4 Nd4 40. Bf2
Nxb5 41. Rg4 Na3 42. Rxg6+ Kf7 43. Rxd6 Nxc4 44. Rd7+ Kf8 45. Rc7 b5 46. Bc5+
Kg8 47. Ne7+ Kh8 48. g4 e4 49. Ng6+ Kg8 50. Ne7+ Kh8 51. Kf2 Ra8 52. Ng6+ Kg8
53. Ne7+ Kh8 54. Ng6+ Kg8 1/2-1/2

[Event "XtraCon-Skakligaen"]
[Site "Denmark"]
[Date "2009.01.11"]
[Round "5.4"]
[White "Carstensen, Jacob"]
[Black "Christensen, Tobias"]
[Result "1-0"]
[WhiteElo "2298"]
[BlackElo "2347"]
[PlyCount "150"]
[EventDate "2008.11.01"]
[EventType "team-tourn"]
[EventRounds "9"]
[EventCountry "DEN"]
[WhiteTeam "Bronshoj"]
[BlackTeam "Aarhus/Skolerne"]
[WhiteTeamCountry "DEN"]
[BlackTeamCountry "DEN"]

1. d4 Nf6 2. c4 c5 3. d5 a6 4. g3 b5 5. Bg2 Ra7 6. e4 e5 7. Nc3 Rb7 8. f4 d6 9.
fxe5 dxe5 10. Nf3 Bg4 11. Qc2 Bxf3 12. Bxf3 Nbd7 13. Be2 Qb8 14. O-O Be7 15. a4
b4 16. Nd1 b3 17. Qd3 O-O 18. Ne3 g6 19. Bd2 Ne8 20. Ng4 f6 21. Nh6+ Kg7 22.
Bg4 Nd6 23. Be6 Rh8 24. a5 Nf8 25. Bh3 Bd8 26. Ra3 Qa7 27. Ng4 h5 28. Ne3 Nh7
29. Ng2 Rb4 30. Ne3 Rb7 31. Bg2 Qb8 32. h4 Bc7 33. Bh3 Qd8 34. Rf2 Qe7 35. Ra1
Rf8 36. Bc3 Nf7 37. Qe2 Nh6 38. Be6 Qd8 39. g4 hxg4 40. Nxg4 Ng8 41. Qe3 Bd6
42. Rg2 Kh8 43. Nh6 Nxh6 44. Qxh6 g5 45. hxg5 fxg5 46. Bf5 Qf6 47. Qxf6+ Rxf6
48. Rf1 Rh6 49. Bc8 Ra7 50. Rf5 Re7 51. Be6 Rexe6 52. dxe6 Rxe6 53. Rd2 Kg8 54.
Kf2 g4 55. Kg3 Nf6 56. Re2 Kg7 57. Bd2 Kg6 58. Rg5+ Kf7 59. Rf2 Ke8 60. Rxg4
Nxg4 61. Kxg4 Bc7 62. Kf5 Re7 63. Bg5 Rf7+ 64. Bf6 Bxa5 65. Rh2 Kd7 66. Rh8 Kc6
67. Ke6 Ra7 68. Rb8 Rb7 69. Ra8 Bc3 70. Rxa6+ Kc7 71. Bxe5+ Bxe5 72. Kxe5 Rb8
73. Kd5 Rd8+ 74. Kxc5 Rd2 75. Ra7+ Kb8 1-0

[Event "XtraCon-Skakligaen"]
[Site "Denmark"]
[Date "2009.01.11"]
[Round "5.5"]
[White "Jacobsen, Bo"]
[Black "Palm, Nikolaj"]
[Result "1-0"]
[WhiteElo "2315"]
[BlackElo "2239"]
[PlyCount "101"]
[EventDate "2008.11.01"]
[EventType "team-tourn"]
[EventRounds "9"]
[EventCountry "DEN"]
[WhiteTeam "Aarhus/Skolerne"]
[BlackTeam "Bronshoj"]
[WhiteTeamCountry "DEN"]
[BlackTeamCountry "DEN"]

1. g3 e5 2. c4 d6 3. Bg2 c6 4. d4 Qc7 5. Nc3 Nf6 6. Nf3 Nbd7 7. O-O Be7 8. Qc2
O-O 9. b3 Re8 10. a4 Nf8 11. a5 Bg4 12. Be3 Ne6 13. dxe5 dxe5 14. Rfd1 Bb4 15.
a6 b6 16. Ne4 Nd7 17. h3 Bh5 18. Nh4 Rad8 19. Ng5 Nxg5 20. Bxg5 f6 21. Be3 Bf7
22. Qe4 Nb8 23. Nf5 Be6 24. g4 Kh8 25. h4 Bc8 26. h5 Bxa6 27. h6 g6 28. Ng7
Rxd1+ 29. Rxd1 Rd8 30. Rxd8+ Qxd8 31. g5 Be7 32. f4 fxg5 33. fxe5 Bc8 34. e6
Bf6 35. Bh3 Qe7 36. Bd4 Bxd4+ 37. Qxd4 Kg8 38. Qe5 Na6 39. Bg2 Nc7 40. Bxc6
Nxe6 41. Bd5 Kf7 42. e3 Bd7 43. b4 Qf6 44. Qc7 Qa1+ 45. Kh2 Qb2+ 46. Kg3 Kf6
47. Nxe6 Qe2 48. Qd8+ Ke5 49. Qxg5+ Kd6 50. c5+ bxc5 51. bxc5# 1-0

[Event "XtraCon-Skakligaen"]
[Site "Denmark"]
[Date "2009.01.11"]
[Round "5.6"]
[White "Ligaard, Morten Lund"]
[Black "Pedersen, Finn"]
[Result "0-1"]
[WhiteElo "2192"]
[BlackElo "2312"]
[PlyCount "60"]
[EventDate "2008.11.01"]
[EventType "team-tourn"]
[EventRounds "9"]
[EventCountry "DEN"]
[WhiteTeam "Bronshoj"]
[BlackTeam "Aarhus/Skolerne"]
[WhiteTeamCountry "DEN"]
[BlackTeamCountry "DEN"]

1. Nf3 d5 2. d4 c6 3. Bf4 Bf5 4. e3 e6 5. Be2 Nf6 6. h3 h6 7. O-O Nbd7 8. c4
Be7 9. Nc3 O-O 10. a3 Ne4 11. Nxe4 Bxe4 12. b4 a5 13. Qb3 dxc4 14. Bxc4 Bxf3
15. gxf3 Nb6 16. bxa5 Nxc4 17. Qxc4 Rxa5 18. Rfb1 Qd7 19. Rb6 Bd8 20. Rb3 Rh5
21. Qf1 b5 22. Rc3 Ba5 23. Rc5 Rxc5 24. dxc5 Qd5 25. Bd6 Ra8 26. Qd1 Bc3 27.
Rc1 Rxa3 28. Qe2 Ra2 29. Rc2 Ra1+ 30. Kh2 Re1 0-1

[Event "XtraCon-Skakligaen"]
[Site "Denmark"]
[Date "2009.01.11"]
[Round "5.7"]
[White "Hagen, Andreas Skytte"]
[Black "Petersen, Steen"]
[Result "1/2-1/2"]
[WhiteElo "2282"]
[BlackElo "2135"]
[PlyCount "73"]
[EventDate "2008.11.01"]
[EventType "team-tourn"]
[EventRounds "9"]
[EventCountry "DEN"]
[WhiteTeam "Aarhus/Skolerne"]
[BlackTeam "Bronshoj"]
[WhiteTeamCountry "DEN"]
[BlackTeamCountry "DEN"]

1. Nf3 d5 2. d4 c6 3. c4 e6 4. g3 Bd6 5. Bg2 f5 6. O-O Nf6 7. Bf4 Bxf4 8. gxf4
O-O 9. Nbd2 Nbd7 10. e3 Ne4 11. Ne5 Nxe5 12. fxe5 Bd7 13. f4 Be8 14. Nxe4 dxe4
15. Qb3 Rf7 16. Rfd1 Rd7 17. d5 cxd5 18. cxd5 Rxd5 19. Bf1 Rc8 20. Qxb7 Rc2 21.
Re1 Rdd2 22. Qa6 Qh4 23. Be2 Rxe2 24. Rxe2 Qg4+ 25. Kf1 Qf3+ 26. Ke1 Qh1+ 27.
Kf2 Qxh2+ 28. Kf1 Qh1+ 29. Kf2 Rxe2+ 30. Kxe2 Qg2+ 31. Ke1 Qg1+ 32. Kd2 Qxa1
33. Qxe6+ Kf8 34. Qd6+ Kg8 35. Qe6+ Kf8 36. Qd6+ Kg8 37. Qe6+ 1/2-1/2

[Event "XtraCon-Skakligaen"]
[Site "Denmark"]
[Date "2009.01.11"]
[Round "5.1"]
[White "Rasmussen, Allan Stig"]
[Black "Antonsen, Mikkel"]
[Result "1/2-1/2"]
[WhiteElo "2501"]
[BlackElo "2442"]
[PlyCount "53"]
[EventDate "2008.11.01"]
[EventType "team-tourn"]
[EventRounds "9"]
[EventCountry "DEN"]
[WhiteTeam "Jetsmark"]
[BlackTeam "Nastved"]
[WhiteTeamCountry "DEN"]
[BlackTeamCountry "DEN"]

1. e4 e5 2. Nf3 Nc6 3. Bb5 Nf6 4. O-O Nxe4 5. d4 Nd6 6. Bxc6 dxc6 7. dxe5 Nf5
8. Qxd8+ Kxd8 9. Nc3 Ke8 10. h3 h5 11. b3 Be6 12. Bb2 Be7 13. Ne4 Rd8 14. Rad1
Rxd1 15. Rxd1 h4 16. c4 Rh5 17. Nc3 Rh8 18. Ne2 Bc8 19. Nd2 b6 20. Ne4 a5 21.
Nf4 Rh6 22. a4 Rh7 23. Bc3 Rh6 24. Nd3 Rh5 25. Nf4 Rh6 26. Nd3 Rh5 27. Nf4
1/2-1/2

[Event "XtraCon-Skakligaen"]
[Site "Denmark"]
[Date "2009.01.11"]
[Round "5.2"]
[White "Olsen, Nils Linde"]
[Black "Pedersen, Christian Kyndel"]
[Result "0-1"]
[WhiteElo "2256"]
[BlackElo "2426"]
[PlyCount "64"]
[EventDate "2008.11.01"]
[EventType "team-tourn"]
[EventRounds "9"]
[EventCountry "DEN"]
[WhiteTeam "Nastved"]
[BlackTeam "Jetsmark"]
[WhiteTeamCountry "DEN"]
[BlackTeamCountry "DEN"]

1. d4 Nf6 2. c4 e6 3. Nf3 b6 4. g3 Ba6 5. Qa4 Bb7 6. Bg2 c5 7. e3 Be7 8. Nc3
O-O 9. O-O cxd4 10. exd4 d6 11. Bf4 a6 12. Rac1 Nbd7 13. Qd1 Rc8 14. Qe2 Qc7
15. b3 Qb8 16. Nh4 Rfe8 17. Rfd1 Bf8 18. Be3 Rc7 19. Bxb7 Qxb7 20. Ng2 Rec8 21.
Bd2 d5 22. Bf4 Rc6 23. Ne3 Bb4 24. g4 dxc4 25. bxc4 Bxc3 26. Rxc3 Nd5 27. Nxd5
exd5 28. Rdc1 Nf8 29. Be3 Ne6 30. f4 Qe7 31. Qd3 Qh4 32. cxd5 Rxc3 0-1

[Event "XtraCon-Skakligaen"]
[Site "Denmark"]
[Date "2009.01.11"]
[Round "5.3"]
[White "Christensen, Stefan"]
[Black "Jorgensen, Brian Jorgen"]
[Result "0-1"]
[WhiteElo "2319"]
[BlackElo "2179"]
[PlyCount "79"]
[EventDate "2008.11.01"]
[EventType "team-tourn"]
[EventRounds "9"]
[EventCountry "DEN"]
[WhiteTeam "Jetsmark"]
[BlackTeam "Nastved"]
[WhiteTeamCountry "DEN"]
[BlackTeamCountry "DEN"]

1. e4 e6 2. d4 d5 3. Nc3 Nf6 4. Bg5 Bb4 5. e5 h6 6. Bc1 Ne4 7. Qg4 Kf8 8. Nge2
c5 9. a3 Ba5 10. dxc5 Nc6 11. b4 Nxe5 12. Qh3 Bc7 13. Nxe4 dxe4 14. Qc3 Nc6 15.
Bb2 Be5 16. Qb3 Qf6 17. Bxe5 Qxe5 18. Rd1 g6 19. b5 Ne7 20. Qc3 Qxc3+ 21. Nxc3
f5 22. Bc4 Ng8 23. O-O Ke7 24. Rd6 Nf6 25. Rfd1 Ng4 26. c6 bxc6 27. Rxc6 Ne5
28. Rc7+ Bd7 29. Bb3 Rhc8 30. Rxc8 Rxc8 31. Ne2 Bxb5 32. Nd4 Bc4 33. Rb1 Kf6
34. Bxc4 Nxc4 35. Rb3 Rd8 36. c3 e5 37. Rb4 exd4 38. Rxc4 d3 39. Rc6+ Kg5 40.
h4+ 0-1

[Event "XtraCon-Skakligaen"]
[Site "Denmark"]
[Date "2009.01.11"]
[Round "5.4"]
[White "Flindt, Thomas"]
[Black "Bkgaard, Martin"]
[Result "1/2-1/2"]
[WhiteElo "2179"]
[BlackElo "2272"]
[PlyCount "86"]
[EventDate "2008.11.01"]
[EventType "team-tourn"]
[EventRounds "9"]
[EventCountry "DEN"]
[WhiteTeam "Nastved"]
[BlackTeam "Jetsmark"]
[WhiteTeamCountry "DEN"]
[BlackTeamCountry "DEN"]

1. Nc3 c5 2. e4 Nc6 3. g3 g6 4. Bg2 Bg7 5. Nge2 Nf6 6. O-O O-O 7. d3 d6 8. Bg5
Bd7 9. Qd2 Qa5 10. Bh6 Nd4 11. Bxg7 Kxg7 12. h3 Qb4 13. Rab1 Rac8 14. f4 Bc6
15. g4 Nd7 16. f5 Nxe2+ 17. Qxe2 Qd4+ 18. Kh1 f6 19. g5 fxg5 20. Qg4 h6 21.
fxg6 Ne5 22. Qe6 Nxg6 23. Nd5 Qe5 24. Qg4 e6 25. Ne3 b5 26. Qd1 Rxf1+ 27. Qxf1
Rf8 28. Qe1 h5 29. Qa5 Rf7 30. Rf1 Nf4 31. Qd8 d5 32. Nf5+ exf5 33. Qxg5+ Ng6
34. exf5 Qf6 35. Qxg6+ Qxg6 36. fxg6 Rxf1+ 37. Bxf1 d4+ 38. Bg2 Bxg2+ 39. Kxg2
Kxg6 40. h4 Kf5 41. Kf3 a5 42. Kg3 a4 43. b3 Ke5 1/2-1/2

[Event "XtraCon-Skakligaen"]
[Site "Denmark"]
[Date "2009.01.11"]
[Round "5.5"]
[White "Helledie, Anders"]
[Black "Schyberg, Brian"]
[Result "0-1"]
[WhiteElo "2215"]
[BlackElo "2135"]
[PlyCount "104"]
[EventDate "2008.11.01"]
[EventType "team-tourn"]
[EventRounds "9"]
[EventCountry "DEN"]
[WhiteTeam "Jetsmark"]
[BlackTeam "Nastved"]
[WhiteTeamCountry "DEN"]
[BlackTeamCountry "DEN"]

1. e4 Nc6 2. Nc3 e6 3. Nf3 d5 4. Bb5 Nf6 5. e5 Nd7 6. O-O Be7 7. Re1 a6 8. Bxc6
bxc6 9. Nd4 Nb8 10. Qg4 g6 11. d3 h5 12. Qg3 Bh4 13. Qh3 Kf8 14. Nf3 Be7 15.
Qg3 c5 16. Bg5 Kg7 17. Qf4 Nd7 18. h4 c6 19. Bxe7 Qxe7 20. Ng5 Rb8 21. b3 Rb4
22. Qh2 a5 23. a3 Rb8 24. f3 Nf8 25. Qf4 Bb7 26. Kf2 Nd7 27. Re2 Nb6 28. Rg1
Bc8 29. g4 Bd7 30. gxh5 Rxh5 31. Ree1 Rbh8 32. Rh1 Be8 33. Ne2 Nd7 34. Ng3 R5h6
35. Qg4 c4 36. dxc4 Qxa3 37. h5 Qb2 38. hxg6 Qxc2+ 39. Re2 Qxg6 40. Rxh6 Rxh6
41. Kg2 Kf8 42. f4 Nc5 43. Qf3 Qb1 44. cxd5 cxd5 45. Qe3 Nd3 46. f5 Rh4 47.
Nxe6+ fxe6 48. Qg5 Nf4+ 49. Kf3 Qd3+ 50. Re3 Qd1+ 51. Re2 Bh5+ 52. Ke3 Qd3+ 0-1

[Event "XtraCon-Skakligaen"]
[Site "Denmark"]
[Date "2009.01.11"]
[Round "5.6"]
[White "Vovk, Oksana"]
[Black "Wiwe, Andreas"]
[Result "1/2-1/2"]
[WhiteElo "2142"]
[BlackElo "2185"]
[PlyCount "139"]
[EventDate "2008.11.01"]
[EventType "team-tourn"]
[EventRounds "9"]
[EventCountry "DEN"]
[WhiteTeam "Nastved"]
[BlackTeam "Jetsmark"]
[WhiteTeamCountry "DEN"]
[BlackTeamCountry "DEN"]

1. d4 f5 2. Bg5 g6 3. Nc3 Bg7 4. e4 fxe4 5. Nxe4 d5 6. Ng3 Nc6 7. c3 Qd6 8. Nf3
Bd7 9. Be2 Nf6 10. O-O O-O 11. Qc1 Ne8 12. Qe3 e5 13. dxe5 Nxe5 14. Nxe5 Qxe5
15. Rad1 c6 16. Rfe1 Qxe3 17. Bxe3 Nf6 18. Bd4 b6 19. Bf3 Rae8 20. b4 Kf7 21.
h3 Rxe1+ 22. Rxe1 Re8 23. Kf1 Rxe1+ 24. Kxe1 Bf8 25. Kd2 Be6 26. a3 Bd6 27. c4
dxc4 28. Bxc6 Bxg3 29. fxg3 Bd5 30. Bxd5+ Nxd5 31. b5 Ke6 32. a4 Kd6 33. Kc2
Kc7 34. Be5+ Kb7 35. g4 a6 36. g3 axb5 37. axb5 Kc8 38. h4 Kd7 39. Kd2 Ke6 40.
Bd4 Kd6 41. g5 Ke6 42. g4 Kd6 43. Kc2 Nc7 44. Bxb6 Nxb5 45. Kd2 Kd5 46. Ke3 Nd6
47. Bd4 Nf7 48. Bc3 Ne5 49. Kf4 Nd7 50. Ke3 Nc5 51. h5 Nd3 52. hxg6 hxg6 53.
Kf3 Ne5+ 54. Kf4 Nf7 55. Bf6 Nd6 56. Ke3 Nb5 57. Bg7 Na3 58. Bf6 Nc2+ 59. Kd2
Nd4 60. Ke3 Nb5 61. Bg7 c3 62. Kd3 c2 63. Kxc2 Ke4 64. Bf6 Kf4 65. Kd3 Nd6 66.
Ke2 Kxg4 67. Kf2 Ne4+ 68. Kg2 Nxg5 69. Bxg5 Kxg5 70. Kg3 1/2-1/2

[Event "XtraCon-Skakligaen"]
[Site "Denmark"]
[Date "2009.01.11"]
[Round "5.7"]
[White "Jensen, Bjarke"]
[Black "Pedersen, Dimon Paul"]
[Result "1-0"]
[WhiteElo "2225"]
[BlackElo "2095"]
[PlyCount "111"]
[EventDate "2008.11.01"]
[EventType "team-tourn"]
[EventRounds "9"]
[EventCountry "DEN"]
[WhiteTeam "Jetsmark"]
[BlackTeam "Nastved"]
[WhiteTeamCountry "DEN"]
[BlackTeamCountry "DEN"]

1. e4 c5 2. Nf3 Nc6 3. d4 cxd4 4. Nxd4 Nf6 5. Nc3 e5 6. Ndb5 d6 7. Bg5 a6 8.
Na3 b5 9. Nd5 Be7 10. Bxf6 Bxf6 11. c3 Bg5 12. Nc2 Rb8 13. Bd3 O-O 14. h4 Bh6
15. Qf3 Be6 16. g4 Bf4 17. g5 a5 18. Nxf4 exf4 19. Qxf4 Ne5 20. Be2 b4 21. cxb4
Qb6 22. b3 axb4 23. Qd2 Rfc8 24. Nd4 Rc3 25. Rd1 Rbc8 26. Nxe6 Rd3 27. Bxd3
Nf3+ 28. Ke2 Nxd2 29. Nf4 Nxe4 30. Bxe4 Qb5+ 31. Kf3 Qe5 32. Rhe1 Rc3+ 33. Re3
g6 34. Nd5 Rxe3+ 35. Nxe3 Kg7 36. Rd2 f5 37. gxf6+ Qxf6+ 38. Ke2 Qxh4 39. Bf3
Qf4 40. Rc2 h5 41. Rc4 Qe5 42. Rxb4 Qb2+ 43. Kf1 Qxa2 44. Rb7+ Kf6 45. b4 Ke5
46. b5 h4 47. Kg2 h3+ 48. Kxh3 g5 49. Kg2 g4 50. Bd5 Qb1 51. b6 g3 52. Kxg3
Qg6+ 53. Kf3 Qd3 54. Re7+ Kf6 55. Re6+ Kg5 56. b7 1-0

[Event "XtraCon-Skakligaen"]
[Site "Denmark"]
[Date "2009.01.11"]
[Round "5.8"]
[White "Preuss, Flemming"]
[Black "Rathlev, Jakob"]
[Result "0-1"]
[WhiteElo "1952"]
[BlackElo "2172"]
[PlyCount "100"]
[EventDate "2008.11.01"]
[EventType "team-tourn"]
[EventRounds "9"]
[EventCountry "DEN"]
[WhiteTeam "Nastved"]
[BlackTeam "Jetsmark"]
[WhiteTeamCountry "DEN"]
[BlackTeamCountry "DEN"]

1. e4 c5 2. Nf3 e6 3. d4 cxd4 4. Nxd4 a6 5. g3 Nf6 6. Bg2 Qc7 7. O-O Nc6 8. Nc3
Be7 9. Nb3 O-O 10. a4 d6 11. a5 Ne5 12. Re1 Nc4 13. Bf1 Bd7 14. Qe2 Rac8 15.
Qxc4 Qxc4 16. Bxc4 Rxc4 17. f3 e5 18. Bg5 Be6 19. Rad1 Rc6 20. Re2 h6 21. Bxf6
Bxf6 22. Nd5 Bd8 23. g4 g6 24. Kg2 f5 25. h3 Kf7 26. c3 fxe4 27. fxe4 Ke8 28.
Rf2 Rxf2+ 29. Kxf2 Rc4 30. Ke3 Ra4 31. Kd3 Bxa5 32. Nxa5 Rxa5 33. b4 Ra2 34.
Rf1 Bxd5 35. exd5 Ke7 36. Rf3 a5 37. bxa5 Rxa5 38. Ke4 Ra4+ 39. Ke3 Rc4 40. Kd2
Rc5 41. Rd3 Kf6 42. h4 e4 43. Rd4 Ke5 44. Rb4 Rxd5+ 45. Ke2 b5 46. c4 bxc4 47.
Rxc4 Kf4 48. Ra4 Re5 49. Ra6 Re6 50. h5 g5 0-1

[Event "XtraCon-Skakligaen"]
[Site "Denmark"]
[Date "2009.01.11"]
[Round "5.1"]
[White "Hector, Jonny"]
[Black "Kulaots, Kaido"]
[Result "0-1"]
[WhiteElo "2552"]
[BlackElo "2556"]
[PlyCount "128"]
[EventDate "2008.11.01"]
[EventType "team-tourn"]
[EventRounds "9"]
[EventCountry "DEN"]
[WhiteTeam "Nordkalotten"]
[BlackTeam "Aalborg"]
[WhiteTeamCountry "DEN"]
[BlackTeamCountry "DEN"]

1. e4 c5 2. Nf3 Nc6 3. d4 cxd4 4. Nxd4 g6 5. Nc3 Bg7 6. Be3 Nf6 7. Bc4 O-O 8.
Bb3 d6 9. f3 Bd7 10. Qe2 Na5 11. O-O-O a6 12. Qd2 Rc8 13. h4 h5 14. Bg5 Nc4 15.
Bxc4 Rxc4 16. Nb3 b5 17. e5 b4 18. Qe2 Rc8 19. exf6 exf6 20. Ne4 fxg5 21. Rxd6
Qe7 22. Rhd1 Bf5 23. hxg5 Rfe8 24. R1d5 Bxe4 25. fxe4 Qxe4 26. Qxe4 Rxe4 27.
Rxa6 Rg4 28. Rd2 Rxg5 29. a4 bxa3 30. Rxa3 Rf5 31. Kb1 g5 32. Re2 h4 33. Nd2 g4
34. Ra4 Rg5 35. Ne4 Re5 36. Rf2 Rc6 37. Ra8+ Kh7 38. Nc3 f5 39. Rf1 Kg6 40. Ra4
Rd6 41. Nd1 Re2 42. Nf2 Rc6 43. Nd3 Rexc2 44. Rb4 Rd2 45. Nf4+ Kg5 46. Rb5 Rcd6
47. Ne6+ Rxe6 48. Rfxf5+ Kg6 49. Rg5+ Kh7 50. Rxg4 Rd4 51. Rxd4 Bxd4 52. Rh5+
Rh6 53. Rd5 Bf6 54. Kc2 Rg6 55. Rd2 Rg4 56. Kd1 Kg6 57. Ke1 Kf5 58. Rc2 Bd4 59.
b4 Kf4 60. b5 Kg3 61. Ra2 Rf4 62. Rc2 Bf2+ 63. Kf1 Bb6+ 64. Ke1 Ba5+ 0-1

[Event "XtraCon-Skakligaen"]
[Site "Denmark"]
[Date "2009.01.11"]
[Round "5.2"]
[White "Pedersen, Nicolai Vesterbaek"]
[Black "Brynell, Stellan"]
[Result "1/2-1/2"]
[WhiteElo "2443"]
[BlackElo "2447"]
[PlyCount "49"]
[EventDate "2008.11.01"]
[EventType "team-tourn"]
[EventRounds "9"]
[EventCountry "DEN"]
[WhiteTeam "Aalborg"]
[BlackTeam "Nordkalotten"]
[WhiteTeamCountry "DEN"]
[BlackTeamCountry "DEN"]

1. d4 e6 2. c4 Nf6 3. Nc3 Bb4 4. Qc2 O-O 5. a3 Bxc3+ 6. Qxc3 b5 7. cxb5 c6 8.
Bg5 cxb5 9. e3 Bb7 10. Nf3 h6 11. Bh4 g5 12. Bg3 Ne4 13. Qc2 a6 14. Bd3 f5 15.
O-O Bd5 16. Nd2 Nxg3 17. fxg3 Nc6 18. g4 f4 19. Bxb5 axb5 20. Qg6+ Kh8 21.
Qxh6+ Kg8 22. Qg6+ Kh8 23. Qh6+ Kg8 24. Qg6+ Kh8 25. Qh6+ 1/2-1/2

[Event "XtraCon-Skakligaen"]
[Site "Denmark"]
[Date "2009.01.11"]
[Round "5.3"]
[White "Jakobsen, Peter"]
[Black "Pedersen, Erik"]
[Result "1/2-1/2"]
[WhiteElo "2219"]
[BlackElo "2417"]
[PlyCount "22"]
[EventDate "2008.11.01"]
[EventType "team-tourn"]
[EventRounds "9"]
[EventCountry "DEN"]
[WhiteTeam "Nordkalotten"]
[BlackTeam "Aalborg"]
[WhiteTeamCountry "DEN"]
[BlackTeamCountry "DEN"]

1. Nf3 Nf6 2. c4 c5 3. Nc3 d5 4. cxd5 Nxd5 5. d4 Nxc3 6. bxc3 g6 7. e4 Bg7 8.
Rb1 O-O 9. Be2 cxd4 10. cxd4 Qa5+ 11. Qd2 Qxd2+ 1/2-1/2

[Event "XtraCon-Skakligaen"]
[Site "Denmark"]
[Date "2009.01.11"]
[Round "5.4"]
[White "Luch, Michal"]
[Black "Nielsen, Lars Aaes"]
[Result "1-0"]
[WhiteElo "2411"]
[BlackElo "2178"]
[PlyCount "75"]
[EventDate "2008.11.01"]
[EventType "team-tourn"]
[EventRounds "9"]
[EventCountry "DEN"]
[WhiteTeam "Aalborg"]
[BlackTeam "Nordkalotten"]
[WhiteTeamCountry "DEN"]
[BlackTeamCountry "DEN"]

1. g3 Nf6 2. Bg2 d5 3. Nf3 c6 4. O-O Bg4 5. d3 Nbd7 6. Nbd2 e5 7. h3 Bh5 8. e4
dxe4 9. dxe4 Bc5 10. Qe2 Qe7 11. c3 Bxf3 12. Nxf3 h6 13. Nh4 g6 14. Kh2 Nh5 15.
Bf3 Ng7 16. b4 Bb6 17. Rd1 Ne6 18. a4 a6 19. Ba3 Rd8 20. a5 Ba7 21. Bg4 O-O 22.
b5 Bc5 23. Bxe6 Qxe6 24. Rxd7 Rxd7 25. Bxc5 Rfd8 26. bxa6 Rd2 27. Qf1 bxa6 28.
Qxa6 Rc2 29. Qf1 Rxc3 30. Bb6 Rc8 31. Be3 c5 32. a6 Qc6 33. Qb1 Rc4 34. Qb7 Qe8
35. a7 Ra8 36. Nxg6 Rb4 37. Qd5 Kg7 38. Nxe5 1-0